[Event "Valencia Cuna op 4th"]
[Site "Valencia"]
[Date "2023.07.08"]
[Round "1"]
[White "Le Roux, Jean Pierre"]
[Black "Hassomal Daswani, Birjkumar"]
[Result "1-0"]
[WhiteElo "2506"]
[BlackElo "1853"]
[PlyCount "57"]
[EventDate "2023.07.08"]
[EventType "swiss"]
[EventRounds "9"]
[EventCountry "ESP"]
[SourceTitle "CBM 215 Extra"]
[Source "ChessBase"]
[SourceDate "2023.09.30"]
[SourceVersion "1"]
[SourceVersionDate "2023.09.30"]
[SourceQuality "1"]

1. Nf3 Nf6 2. g3 d5 3. Bg2 Nc6 4. d4 g6 5. c4 e6 6. 0-0 Bg7 7. Na3 0-0 8. Bf4 a6 9. Qc1 Re8 10. Rd1 Bd7 11. Ne5 Nh5 12. cxd5 exd5 13. Bxd5 Nxe5 14. Bxe5 Bxe5 15. dxe5 Qc8 16. Qc3 Be6 17. Bf3 Ng7 18. Nc2 c5 19. Ne3 Rb8 20. Rd6 h5 21. Rad1 Qc7 22. Bd5 Bh3 23. Bb3 b5 24. Nd5 Qc8 25. Nf6+ Kf8 26. Bd5 Rd8 27. Rxd8+ Qxd8 28. Qxc5+ Qe7 29. Nh7+ 1-0

[Event "Montserrat op 14th"]
[Site "Montserrat"]
[Date "2021.09.04"]
[Round "8"]
[White "Hassomal Daswani, Birjkumar"]
[Black "Hernandez Lopez, Alberto"]
[Result "1/2-1/2"]
[WhiteElo "1988"]
[BlackElo "1931"]
[PlyCount "43"]
[EventDate "2021.08.27"]
[EventType "swiss"]
[EventRounds "9"]
[EventCountry "ESP"]
[SourceTitle "EXT 2022"]
[Source "ChessBase"]
[SourceDate "2021.10.06"]
[SourceVersion "1"]
[SourceVersionDate "2021.10.06"]
[SourceQuality "1"]

1. e4 e5 2. Nf3 Nc6 3. Bb5 a6 4. Ba4 Nf6 5. d3 Bc5 6. c3 b5 7. Bb3 d6 8. h3 h6 9. Nbd2 0-0 10. Nf1 Be6 11. Be3 Bxe3 12. Nxe3 d5 13. Bc2 d4 14. Nf1 Qd6 15. Ng3 b4 16. c4 Ne7 17. 0-0 Ng6 18. Qd2 Nf4 19. Kh2 g5 20. Ng1 Kg7 21. Rae1 c5 22. Bd1 1/2-1/2

[Event "Montserrat op 14th"]
[Site "Montserrat"]
[Date "2021.09.03"]
[Round "6"]
[White "Castro Santimoteo, Raul"]
[Black "Hassomal Daswani, Birjkumar"]
[Result "0-1"]
[WhiteElo "2010"]
[BlackElo "1988"]
[PlyCount "128"]
[EventDate "2021.08.27"]
[EventType "swiss"]
[EventRounds "9"]
[EventCountry "ESP"]
[SourceTitle "EXT 2022"]
[Source "ChessBase"]
[SourceDate "2021.10.06"]
[SourceVersion "1"]
[SourceVersionDate "2021.10.06"]
[SourceQuality "1"]

1. d4 c5 2. d5 g6 3. Nf3 Bg7 4. e4 d6 5. Be2 Bg4 6. Nfd2 Bd7 7. a4 Nf6 8. Nc3 0-0 9. 0-0 h5 10. Nc4 Na6 11. e5 dxe5 12. Nxe5 Nb4 13. Nxd7 Qxd7 14. Bf3 Rad8 15. Qe2 Nbxd5 16. Nxd5 Nxd5 17. Rd1 Qf5 18. c3 e6 19. a5 Qe5 20. Qc4 b6 21. g3 Rfe8 22. Kg2 Qc7 23. axb6 axb6 24. Qh4 Bf6 25. Bg5 Qe7 26. Bxf6 Qxf6 27. Qc4 Rd7 28. Qe2 Red8 29. Bxd5 exd5 30. Rd3 Re7 31. Qf3 Qxf3+ 32. Kxf3 Rd6 33. Re3 Rf6+ 34. Ke2 Rfe6 35. Rd1 Rd7 36. Kf3 Kf8 37. Red3 Re5 38. R1d2 Ke7 39. Kg2 Ke6 40. f4 Re4 41. Kf3 f5 42. h3 d4 43. g4 Kd5 44. gxh5 gxh5 45. b3 Rde7 46. c4+ Kc6 47. b4 Re3+ 48. Kg2 Rxd3 49. b5+ Kc7 50. Rxd3 Re2+ 51. Kf1 Rc2 52. Rg3 Rxc4 53. Rg7+ Kd6 54. Rg6+ Kd5 55. Rxb6 Rb4 56. Rf6 Ke4 57. b6 c4 58. Re6+ Kxf4 59. Rc6 c3 60. Ke2 Ke4 61. Re6+ Kd5 62. Rf6 Rb2+ 63. Kd1 d3 64. Ke1 Rb1+ 0-1

[Event "Montserrat op 14th"]
[Site "Montserrat"]
[Date "2021.08.29"]
[Round "5"]
[White "Hassomal Daswani, Birjkumar"]
[Black "Blanco Solaz, Ramon"]
[Result "1-0"]
[WhiteElo "1988"]
[BlackElo "2035"]
[PlyCount "61"]
[EventDate "2021.08.27"]
[EventType "swiss"]
[EventRounds "9"]
[EventCountry "ESP"]
[SourceTitle "EXT 2022"]
[Source "ChessBase"]
[SourceDate "2021.10.06"]
[SourceVersion "1"]
[SourceVersionDate "2021.10.06"]
[SourceQuality "1"]

1. e4 d6 2. d4 Nf6 3. Nc3 g6 4. Be2 a6 5. h4 h5 6. Bg5 Nbd7 7. Nf3 Bg7 8. Qd3 e5 9. dxe5 dxe5 10. 0-0-0 Qe7 11. Nd5 Qd6 12. Nxf6+ Bxf6 13. Qxd6 cxd6 14. Rxd6 Be7 15. Bxe7 Kxe7 16. Rhd1 Nc5 17. R6d5 Nd7 18. Nxe5 Nf6 19. R5d4 Be6 20. Bc4 Rac8 21. Bxe6 Kxe6 22. Nc4 Rc7 23. f3 Rhc8 24. Rd6+ Ke7 25. Ne3 Rc5 26. Rb6 R8c6 27. Rxb7+ Kf8 28. Rd8+ Kg7 29. Rdb8 Ra5 30. a3 Rd6 31. Nc4 1-0

[Event "Alcoy Tabiya op 9th"]
[Site "Alcoy"]
[Date "2020.09.26"]
[Round "2.4"]
[White "Hassomal Daswani, Birjkumar"]
[Black "Gavarrete, Nahun"]
[Result "0-1"]
[WhiteElo "1894"]
[BlackElo "2196"]
[PlyCount "50"]
[EventDate "2020.09.26"]
[EventType "tourn (blitz)"]
[EventRounds "9"]
[EventCountry "ESP"]
[SourceTitle "EXT 2024"]
[Source "ChessBase"]
[SourceDate "2023.10.10"]
[SourceVersion "1"]
[SourceVersionDate "2023.10.10"]
[SourceQuality "1"]

1. e4 g6 2. d4 Bg7 3. Be3 c5 4. c3 cxd4 5. cxd4 d5 6. e5 Nc6 7. Nf3 Nh6 8. Bd3 0-0 9. Nc3 Bg4 10. h3 Bxf3 11. Qxf3 e6 12. Qg3 Qb6 13. Qh4 Qxb2 14. Rc1 Nb4 15. Bb1 Rac8 16. Bd2 Nf5 17. Bxf5 exf5 18. Qg3 Nc2+ 19. Kd1 Nxd4 20. f4 Rc4 21. Qd3 Rfc8 22. Ne2 Nxe2 23. Rxc4 dxc4 24. Qxe2 Rd8 25. Ke1 Qb1+ 0-1

[Event "Alcoy Tabiya op 9th"]
[Site "Alcoy"]
[Date "2020.09.26"]
[Round "9.5"]
[White "Hassomal Daswani, Birjkumar"]
[Black "Rico Ripoll, Emilio"]
[Result "1-0"]
[WhiteElo "1894"]
[BlackElo "1833"]
[PlyCount "115"]
[EventDate "2020.09.26"]
[EventType "tourn (blitz)"]
[EventRounds "9"]
[EventCountry "ESP"]
[SourceTitle "EXT 2024"]
[Source "ChessBase"]
[SourceDate "2023.10.10"]
[SourceVersion "1"]
[SourceVersionDate "2023.10.10"]
[SourceQuality "1"]

1. e4 c5 2. Nf3 d6 3. d4 cxd4 4. Nxd4 Nf6 5. Nc3 a6 6. Bc4 e6 7. Bb3 Be7 8. Be3 Nc6 9. f3 0-0 10. Qd2 Na5 11. 0-0-0 Nxb3+ 12. cxb3 Qc7 13. Kb1 b5 14. Rc1 Qb7 15. g4 Bd7 16. h4 Rac8 17. h5 b4 18. Nce2 Rxc1+ 19. Nxc1 a5 20. g5 Nxe4 21. Qg2 Nc5 22. g6 Bf6 23. gxh7+ Kxh7 24. Qc2+ Kh8 25. Rg1 Be8 26. Nce2 e5 27. Nf5 Qxf3 28. Rg3 Qe4 29. Nxd6 Qxc2+ 30. Kxc2 Ne6 31. Bb6 Bc6 32. Bxa5 Ra8 33. Bxb4 Rxa2 34. Nxf7+ Kh7 35. Nd6 e4 36. Nf5 Rxb2+ 37. Kd1 Rb1+ 38. Kd2 Rb2+ 39. Ke1 Bb5 40. Rg2 Rxb3 41. Bd2 Ng5 42. Bxg5 Bxg5 43. Rxg5 Rb1+ 44. Kf2 Rb2 45. Nfd4 Bd7 46. Ke3 Kh6 47. Rd5 Bg4 48. Nf4 Rb1 49. Kxe4 Re1+ 50. Kd3 Rd1+ 51. Kc3 Rc1+ 52. Kb4 Rb1+ 53. Kc5 Rc1+ 54. Kd6 Re1 55. Kc7 Re4 56. Rd6+ Kh7 57. Nfe6 Bxh5 58. Ng5+ 1-0

[Event "World City of Silla"]
[Site "Silla"]
[Date "2020.09.21"]
[Round "1.2"]
[White "Hassomal Daswani, Birjkumar"]
[Black "Rodriguez Perez, Jorge"]
[Result "1-0"]
[WhiteElo "1988"]
[BlackElo "2065"]
[PlyCount "50"]
[EventDate "2020.09.21"]
[EventType "k.o. (blitz)"]
[EventRounds "4"]
[EventCountry "ESP"]
[SourceTitle "CBM 198 Extra"]
[Source "ChessBase"]
[SourceDate "2020.11.30"]
[SourceVersion "1"]
[SourceVersionDate "2020.11.30"]
[SourceQuality "1"]

1. e4 e5 2. Nf3 f5 3. d3 Nc6 4. Nc3 Nf6 5. Bg5 Bb4 6. Be2 0-0 7. 0-0 d6 8. Nd5 Bc5 9. c3 Be6 10. Nxf6+ gxf6 11. Bh6 Rf7 12. exf5 Bxf5 13. Nh4 Bg6 14. d4 exd4 15. b4 Bb6 16. Qb3 d5 17. c4 a5 18. cxd5 Nxb4 19. Qg3 Rg7 20. Bxg7 Kxg7 21. Bh5 Qe8 22. Rae1 Qf7 23. Nf5+ Kh8 24. Re7 Qxd5 25. Bxg6 Qd8 1-0

[Event "Quart de Poblet op 7th"]
[Site "Quart de Poblet"]
[Date "2019.08.07"]
[Round "4"]
[White "Hassomal Daswani, Birjkumar"]
[Black "Carbonell Sancho, Marc"]
[Result "1/2-1/2"]
[WhiteElo "1969"]
[BlackElo "2187"]
[PlyCount "91"]
[EventDate "2019.08.05"]
[EventType "swiss"]
[EventRounds "9"]
[EventCountry "ESP"]
[SourceTitle "CBM 191 Extra"]
[Source "ChessBase"]
[SourceDate "2019.09.30"]
[SourceVersion "1"]
[SourceVersionDate "2019.09.30"]
[SourceQuality "1"]

1. e4 c5 2. Nf3 Nc6 3. d4 cxd4 4. Nxd4 g6 5. c4 Bg7 6. Be3 Nf6 7. Nc3 0-0 8. Be2 d6 9. Nc2 Be6 10. 0-0 Rc8 11. Qd2 Na5 12. b3 a6 13. Rac1 Bd7 14. f3 Be6 15. Na4 Nd7 16. f4 Nc5 17. Nxc5 dxc5 18. f5 Bd7 19. Rcd1 Bc6 20. Qe1 Qc7 21. Bf4 Be5 22. Bxe5 Qxe5 23. Bf3 b6 24. Ne3 Nb7 25. Ng4 Qg7 26. Qh4 g5 27. Qg3 h5 28. f6 exf6 29. Ne3 Qg6 30. Nf5 Rfe8 31. h3 Re5 32. Qxe5 fxe5 33. Ne7+ Kg7 34. Nxg6 Kxg6 35. Rd2 Re8 36. Rfd1 Re6 37. Kf2 Rf6 38. Ke3 Re6 39. Rd3 Kh6 40. R1d2 Kg6 41. a3 a5 42. b4 f6 43. b5 Be8 44. Rd5 Re7 45. Be2 Kg7 46. a4 1/2-1/2

[Event "Xativa Murta op 5th"]
[Site "Xativa"]
[Date "2019.07.16"]
[Round "2"]
[White "Hassomal Daswani, Birjkumar"]
[Black "Crespo Calatayud, Santiago"]
[Result "1/2-1/2"]
[WhiteElo "1994"]
[BlackElo "1758"]
[PlyCount "89"]
[EventDate "2019.07.15"]
[EventType "swiss"]
[EventRounds "9"]
[EventCountry "ESP"]
[SourceTitle "EXT 2020"]
[Source "ChessBase"]
[SourceDate "2019.10.17"]
[SourceVersion "1"]
[SourceVersionDate "2019.10.17"]
[SourceQuality "1"]

1. e4 c5 2. Nf3 Nc6 3. d4 cxd4 4. Nxd4 g6 5. Nc3 Bg7 6. Be3 Nf6 7. f3 0-0 8. Bc4 Qb6 9. Bb3 Nxe4 10. Nd5 Qa5+ 11. c3 Nc5 12. Nxc6 dxc6 13. Nxe7+ Kh8 14. Nxc8 Raxc8 15. 0-0 Rcd8 16. Qc2 Nxb3 17. axb3 Qe5 18. Bxa7 Rfe8 19. Bb6 Rd7 20. Ra4 Qb5 21. Bf2 h5 22. Re4 Rxe4 23. Qxe4 Qd5 24. Qe2 Qd2 25. Qe8+ Kh7 26. Re1 Bf6 27. g3 Qd5 28. Kg2 Rd8 29. Qe3 Qxb3 30. Qf4 Kg7 31. Re2 Qd1 32. Qe3 Qd3 33. f4 Qxe3 34. Bxe3 Rd5 35. Kf3 Rd7 36. Bb6 Kf8 37. h3 Rd5 38. Ke4 Rd7 39. Rc2 Kg7 40. b4 Re7+ 41. Kd3 Re1 42. Bc5 Rd1+ 43. Kc4 b5+ 44. Kb3 Rd3 45. Bf2 1/2-1/2

[Event "Las Palmas Montalvo Memorial 12th"]
[Site "Las Palmas"]
[Date "2019.04.16"]
[Round "5"]
[White "Hassomal Daswani, Birjkumar"]
[Black "Monpeurt, Cyrielle"]
[Result "0-1"]
[WhiteElo "2028"]
[BlackElo "2142"]
[PlyCount "92"]
[EventDate "2019.04.13"]
[EventType "swiss"]
[EventRounds "9"]
[EventCountry "ESP"]
[SourceTitle "CBM 189 Extra"]
[Source "ChessBase"]
[SourceDate "2019.06.03"]
[SourceVersion "1"]
[SourceVersionDate "2019.06.03"]
[SourceQuality "1"]

1. e4 c5 2. Nc3 Nc6 3. Nf3 Nf6 4. Bb5 Qc7 5. 0-0 Nd4 6. Bc4 e6 7. Re1 a6 8. a4 d6 9. d3 Be7 10. h3 0-0 11. Be3 e5 12. Nd5 Nxd5 13. Bxd5 Be6 14. c4 Bxd5 15. cxd5 Nxf3+ 16. Qxf3 b5 17. axb5 axb5 18. Rxa8 Rxa8 19. Rc1 Qa5 20. Qd1 b4 21. Qc2 Qa2 22. b3 Qxc2 23. Rxc2 Ra3 24. Rb2 Ra1+ 25. Kh2 h6 26. g3 Rd1 27. Kg2 Rxd3 28. h4 f5 29. Kf3 fxe4+ 30. Kxe4 Rd1 31. Ra2 Rb1 32. Ra7 Bf8 33. f4 exf4 34. Bxf4 Rxb3 35. Ra8 Kf7 36. Ra7+ Kf6 37. Rd7 Rb1 38. Bxd6 Re1+ 39. Kd3 Bxd6 40. Rxd6+ Ke7 41. Rc6 Rd1+ 42. Ke4 b3 43. Rb6 c4 44. Ke5 c3 45. Rb7+ Kf8 46. h5 c2 0-1

[Event "Gibraltar Challengers op-B"]
[Site "Caleta"]
[Date "2019.01.26"]
[Round "1"]
[White "Hassomal Daswani, Birjkumar"]
[Black "Pavlov, Egor"]
[Result "0-1"]
[WhiteElo "2008"]
[BlackElo "2187"]
[PlyCount "94"]
[EventDate "2019.01.26"]
[EventType "swiss"]
[EventRounds "5"]
[EventCountry "GGB"]
[SourceTitle "CBM 188 Extra"]
[Source "ChessBase"]
[SourceDate "2019.02.26"]
[SourceVersion "1"]
[SourceVersionDate "2019.02.26"]
[SourceQuality "1"]

1. e4 c6 2. d4 d5 3. Nd2 dxe4 4. Nxe4 Bf5 5. Ng3 Bg6 6. Nf3 Nd7 7. Bd3 Ngf6 8. Bg5 Qc7 9. Bxg6 hxg6 10. Qe2 e6 11. 0-0-0 0-0-0 12. Ne5 Nxe5 13. dxe5 Rxd1+ 14. Rxd1 Nd7 15. Nf1 Qxe5 16. Qxe5 Nxe5 17. Rd8+ Kc7 18. Ra8 Nd7 19. Be7 Nb8 20. Bd8+ Kc8 21. Bg5 f6 22. Be3 a6 23. a4 Bd6 24. h3 Rh4 25. b3 Bf4 26. Kd2 g5 27. Kd3 Bxe3 28. Nxe3 Kc7 29. a5 Rh8 30. Nc4 Rd8+ 31. Ke2 c5 32. Nb6 g6 33. Na4 Kc6 34. c4 Rf8 35. Nc3 f5 36. Na4 Nd7 37. Rxf8 Nxf8 38. g4 Nd7 39. Ke3 Kd6 40. Nb2 fxg4 41. hxg4 Ne5 42. f3 Nc6 43. Nd3 Nxa5 44. Nc1 e5 45. Ke4 b5 46. cxb5 axb5 47. Kd3 Nxb3 0-1

[Event "Valencia Region-ch Preferente"]
[Site "Valencia"]
[Date "2016.11.19"]
[Round "7"]
[White "Sanz Garcia, Roberto"]
[Black "Hassomal Daswani, Birjkumar"]
[Result "1-0"]
[WhiteElo "1937"]
[BlackElo "2073"]
[PlyCount "93"]
[EventDate "2016.10.01"]
[EventType "swiss"]
[EventRounds "7"]
[EventCountry "ESP"]
[SourceTitle "EXT 2024"]
[Source "ChessBase"]
[SourceDate "2023.10.10"]
[SourceVersion "1"]
[SourceVersionDate "2023.10.10"]
[SourceQuality "1"]

1. e4 e6 2. d3 d5 3. Nd2 Nf6 4. g3 Be7 5. Bg2 0-0 6. Ngf3 c5 7. 0-0 Nc6 8. Re1 b6 9. e5 Nd7 10. Nf1 Bb7 11. h4 Rc8 12. Bf4 Re8 13. N1h2 Nf8 14. Ng4 Ng6 15. Bd2 h5 16. Ngh2 Qc7 17. Ng5 Bxg5 18. Bxg5 Ncxe5 19. Qxh5 d4 20. Be4 Bxe4 21. dxe4 f6 22. Bc1 Kf7 23. Bf4 Rh8 24. Bxe5 Qxe5 25. Qg4 Qh5 26. Qxh5 Rxh5 27. f4 Rhh8 28. Kf2 Rhd8 29. Rad1 e5 30. h5 Ne7 31. f5 c4 32. Nf3 Nc6 33. a3 b5 34. Rh1 Rh8 35. g4 a5 36. g5 b4 37. Rdg1 bxa3 38. bxa3 Rb8 39. h6 gxh6 40. gxf6 Rb2 41. Rg7+ Ke8 42. f7+ Ke7 43. Rg8 Rb8 44. Rxb8 Rxb8 45. Rxh6 Rb2 46. Rxc6 Rxc2+ 47. Ke1 1-0

[Event "Mar Menor op 7th"]
[Site "San Pedro del Pinatar"]
[Date "2016.01.24"]
[Round "7"]
[White "Aledo Lopez, Angel"]
[Black "Hassomal Daswani, Birjkumar"]
[Result "1-0"]
[WhiteElo "1998"]
[BlackElo "2060"]
[PlyCount "109"]
[EventDate "2016.01.22"]
[EventType "swiss"]
[EventRounds "7"]
[EventCountry "ESP"]
[SourceTitle "EXT 2019"]
[Source "ChessBase"]
[SourceDate "2018.10.10"]
[SourceVersion "1"]
[SourceVersionDate "2018.10.10"]
[SourceQuality "1"]

1. e4 c5 2. c3 Nf6 3. e5 Nd5 4. d4 cxd4 5. Nf3 Nc6 6. cxd4 g6 7. Ng5 h6 8. Nxf7 Kxf7 9. Qf3+ Nf6 10. exf6 exf6 11. Be3 Qa5+ 12. Nc3 Bb4 13. Bc4+ Kg7 14. 0-0 Bxc3 15. bxc3 d6 16. Bf4 Qf5 17. Bd3 Qg4 18. Qxg4 Bxg4 19. h3 Be6 20. Rfe1 Rhe8 21. Bxd6 Rad8 22. Bg3 Rd7 23. d5 Rxd5 24. Bc4 Re5 25. Bxe5 fxe5 26. Bxe6 Rxe6 27. Rad1 Kf6 28. Rd7 Na5 29. Rc7 a6 30. Re4 b5 31. f4 exf4 32. Rxf4+ Ke5 33. Rf3 Kd6 34. Rc8 Nc6 35. Rd3+ Kc5 36. Kf2 Kb6 37. Re3 Rd6 38. Rce8 Rd2+ 39. Re2 Rd3 40. R8e3 Rd5 41. Re6 Rd3 42. Rxg6 Rxc3 43. Rxh6 a5 44. Ree6 b4 45. Ke1 a4 46. Kd2 Kb5 47. a3 Rxa3 48. Rxc6 b3 49. Rb6+ Kc5 50. Rhc6+ Kd5 51. Rc8 Ra2+ 52. Kc1 Rxg2 53. Rb4 Rg1+ 54. Kb2 Rg2+ 55. Kb1 1-0

[Event "Valencia Region-ch Preferente"]
[Site "Valencia"]
[Date "2015.11.07"]
[Round "5.2"]
[White "Hassomal Daswani, Birjkumar"]
[Black "Gimenez Sanchis, Francisco Andres"]
[Result "1/2-1/2"]
[WhiteElo "2085"]
[BlackElo "2013"]
[PlyCount "40"]
[EventDate "2015.10.03"]
[EventType "swiss"]
[EventRounds "7"]
[EventCountry "ESP"]
[SourceTitle "EXT 2024"]
[Source "ChessBase"]
[SourceDate "2023.10.10"]
[SourceVersion "1"]
[SourceVersionDate "2023.10.10"]
[SourceQuality "1"]

1. e4 e6 2. d4 d5 3. exd5 exd5 4. Nf3 Nf6 5. Bd3 Bd6 6. 0-0 0-0 7. Nbd2 Bg4 8. h3 Bh5 9. Re1 Re8 10. c3 Nbd7 11. Rxe8+ Qxe8 12. Nf1 c6 13. Bg5 h6 14. Bh4 Ne4 15. g4 Bg6 16. Kg2 Nf8 17. Bg3 Nxg3 18. Nxg3 Bxg3 19. Kxg3 Qb8+ 20. Kg2 Qf4 1/2-1/2

[Event "Alzira op 2nd"]
[Site "Alzira"]
[Date "2015.08.23"]
[Round "7"]
[White "Hassomal Daswani, Birjkumar"]
[Black "Cortes Marti, Javier"]
[Result "1-0"]
[WhiteElo "2109"]
[BlackElo "2081"]
[PlyCount "91"]
[EventDate "2015.08.21"]
[EventType "swiss"]
[EventRounds "7"]
[EventCountry "ESP"]
[SourceTitle "EXT 2016"]
[Source "ChessBase"]
[SourceDate "2015.10.08"]
[SourceVersion "1"]
[SourceVersionDate "2015.10.08"]
[SourceQuality "1"]

1. e4 c6 2. d4 d5 3. e5 Bf5 4. Nf3 e6 5. Bd3 Bxd3 6. Qxd3 Be7 7. 0-0 Nh6 8. Nbd2 Nf5 9. Re1 Nd7 10. a4 c5 11. c3 Rc8 12. Nf1 cxd4 13. cxd4 0-0 14. Ne3 Nh4 15. Nxh4 Bxh4 16. Bd2 f5 17. Bb4 Rf7 18. Rac1 f4 19. Rxc8 Qxc8 20. Nxd5 Qc6 21. Nc3 Qb6 22. Ba3 Rf5 23. Rf1 a6 24. Ne4 Qc6 25. b3 Nxe5 26. dxe5 Rxe5 27. f3 Rd5 28. Qc3 Qb6+ 29. Bc5 Qc7 30. a5 Qd7 31. b4 Qb5 32. Qc1 Bf6 33. Nxf6+ gxf6 34. Qxf4 Kf7 35. Qc7+ Kg6 36. Qb6 Qe2 37. Qxb7 f5 38. Qb8 Rd2 39. Qg3+ Kf7 40. Re1 Qc4 41. h4 h5 42. Qg5 Re2 43. Qxh5+ Kg7 44. Qg5+ Kf7 45. Rd1 Qb5 46. h5 1-0